000 00482nam a2200193Ia 4500
003 GCL
008 140319s9999 xx 000 0 eng d
020 _a0007210434
040 _aGCL /
_cGCL
082 0 4 _aCH
_b372.52
_bH C
245 1 0 _aCARRY ALONG :
_bCOLOURING BOOK
250 _aFIRST
260 _aانجلترا :
_bHARPER COLLINS COLLEGE PUBLISBERS ،
_c2006
300 _a25 CM
650 0 4 _aCHILDREN
650 0 4 _aCHILDREN - BOOKS
650 0 4 _aDRAW
942 _2ddc
_cBK
999 _c9316
_d9316